| 000 | 00442nam a2200205Ia 4500 | ||
|---|---|---|---|
| 003 | 0100 | ||
| 008 | 130303s9999 xx 000 0 und d | ||
| 040 | _cARRUPELIB | ||
| 050 | _aBT160.H893 | ||
| 100 | _aHughes, Gerard J. | ||
| 245 | _aIs God to blame | ||
| 245 | _bthe problem of evil | ||
| 260 | _aDublin | ||
| 260 | _bVeritas | ||
| 260 | _C2007 | ||
| 300 | _a128p. | ||
| 300 | _b 23 cm | ||
| 650 | _bEthics | ||
| 942 |
_2lcc _02 |
||
| 999 |
_c63860 _d63860 |
||